| 000 | 00810nam a22002057a 4500 | ||
|---|---|---|---|
| 999 |
_c18784 _d18784 |
||
| 003 | AR-CdUCM | ||
| 008 | 190515b ||||| |||| 00| 0 spa d | ||
| 040 |
_aMUNICIPALIDAD PROVINCIAL DEL CUSCO _cBIBLIOTECA MUNICIPAL DEL CUSCO |
||
| 082 |
_a346.52 / _bC79 |
||
| 100 |
_aCossío y Corral, A. De _939582 |
||
| 245 | _aEl dolo en derecho civil / | ||
| 260 |
_aMadrid : _bRevista de derecho privado, _c1955. |
||
| 300 |
_a382 páginas ; _c23 cm. |
||
| 505 | _aContenido: La actio de dolo en el derecho civil español -- La exceptio doli y su vigencia en el derecho español -- El dolo in contrahendo y la teoria del dolo vicio del consentimiento ... | ||
| 650 |
_aDolo (Derecho civil) _939583 |
||
| 650 |
_aActos ilícitos _939584 |
||
| 650 |
_aDerecho _9739 |
||
| 942 |
_2ddc _cLIBROS |
||
| 945 |
_aacv _d2019-05-15 |
||